[Event "35. Kieler Open 2023"]
[Site "Kiel"]
[Date "2023.08.02"]
[Round "7.8"]
[White "Fenner, Martin"]
[Black "Busse, Tom Niklas"]
[Result "1-0"]
[WhiteElo "1888"]
[BlackElo "1984"]
[PlyCount "135"]
[EventDate "2023.??.??"]

1. g3 d5 2. c4 d4 3. Nf3 Nc6 4. Bg2 e5 5. d3 Bb4+ 6. Bd2 a5 7. O-O Nf6 8. Bg5
h6 9. Bxf6 Qxf6 10. a3 Bc5 11. Nbd2 Qd8 12. b4 axb4 13. Nb3 Be7 14. axb4 Rxa1
15. Qxa1 Bxb4 16. Qa4 O-O 17. Nxe5 Nxe5 18. Qxb4 b6 19. c5 Qe7 20. Qxd4 Rd8 21.
Qc3 Qf6 22. d4 Ng6 23. cxb6 cxb6 24. e3 Ba6 25. Rc1 Ne7 26. Nd2 h5 27. Qa3 Be2
28. Ne4 Qe6 29. Ng5 Qf6 30. h4 Bg4 31. Rc7 Bd7 32. Qa7 Qd6 33. Ne4 Qe6 34. Ng5
Qd6 35. Rb7 Nd5 36. Ne4 Qc6 37. Rb8 Rxb8 38. Qxb8+ Qc8 39. Qxc8+ Bxc8 40. Nd6
Ne7 41. Nxc8 Nxc8 42. Kf1 Kf8 43. Ke2 Ke7 44. Kd3 Kd6 45. Kc4 Na7 46. e4 f6 47.
f4 b5+ 48. Kc3 Nc6 49. d5 b4+ 50. Kb3 Nd4+ 51. Kxb4 Ne2 52. Kc4 Nxg3 53. Bf3 g6
54. Kd4 Kd7 55. Ke3 Nf1+ 56. Ke2 Nh2 57. Kf2 Kd6 58. Kg2 Nxf3 59. Kxf3 f5 60.
Ke3 Kc5 61. Kd3 Kd6 62. Kd4 fxe4 63. Kxe4 Kd7 64. Ke5 Ke7 65. d6+ Kf7 66. Kd5
Ke8 67. Ke6 Kd8 68. d7 1-0

[Event "35. Kieler Open 2023"]
[Site "Kiel"]
[Date "2023.08.02"]
[Round "7.9"]
[White "Dreesen, Jan"]
[Black "Rahtkens, Kay"]
[Result "1-0"]
[WhiteElo "2175"]
[BlackElo "1759"]
[PlyCount "79"]
[EventDate "2023.??.??"]

1. d4 d5 2. Nf3 Nf6 3. e3 Bg4 4. c4 c6 5. Qb3 Qc7 6. Ne5 e6 7. Nc3 Bd6 8. f3
Bf5 9. g4 Bg6 10. h4 h6 11. Nxg6 fxg6 12. Bd3 O-O 13. Bxg6 Bg3+ 14. Ke2 Bxh4
15. Rh3 Nxg4 16. fxg4 Qe7 17. Bd3 Rf2+ 18. Kd1 Qg5 19. Be2 b6 20. Bd2 Rg2 21.
Rh1 Bf2 22. e4 Qf6 23. exd5 Qxd4 24. dxe6 Be3 25. Qc2 c5 26. Kc1 Nc6 27. Bxe3
Qxe3+ 28. Qd2 Rg1+ 29. Rxg1 Qxg1+ 30. Bd1 Nd4 31. Ne2 Nxe2+ 32. Qxe2 Qd4 33. a4
Rf8 34. e7 Re8 35. Qe6+ Kh8 36. Ra3 Qf4+ 37. Re3 a5 38. Bc2 Qf1+ 39. Re1 Qf4+
40. Kb1 1-0

[Event "35. Kieler Open 2023"]
[Site "Kiel"]
[Date "2023.08.02"]
[Round "7.10"]
[White "Kieselbach, Marvin"]
[Black "Blietschau, Volker"]
[Result "0-1"]
[WhiteElo "1870"]
[BlackElo "2007"]
[PlyCount "90"]
[EventDate "2023.??.??"]

1. e4 d5 2. exd5 Qxd5 3. Nc3 Qa5 4. d4 c6 5. Bd2 Nf6 6. Nf3 Bg4 7. h3 Bh5 8. g4
Bg6 9. Ne5 Nbd7 10. Nc4 Qc7 11. Bg2 e6 12. Qe2 Be7 13. O-O-O b5 14. Ne5 Nxe5
15. dxe5 Nd7 16. f4 O-O 17. h4 h6 18. g5 h5 19. Bf3 Bf5 20. Bxh5 Nc5 21. Bf3 b4
22. Ne4 Qa5 23. Kb1 Rab8 24. Nxc5 Qxc5 25. Be4 Bxe4 26. Qxe4 a5 27. Be3 Qb5 28.
g6 a4 29. h5 b3 30. cxb3 axb3 31. a4 Qa6 32. h6 Rb4 33. gxf7+ Rxf7 34. h7+ Kh8
35. Rd8+ Bxd8 36. Qxb4 Qd3+ 37. Ka1 Qxe3 38. Qd6 Qxf4 39. Qxd8+ Rf8 40. Qa5
Qf1+ 41. Qe1 Qxe1+ 42. Rxe1 Rf4 43. Kb1 Kxh7 44. Kc1 Rxa4 45. Kd2 Rc4 0-1

[Event "35. Kieler Open 2023"]
[Site "Kiel"]
[Date "2023.08.02"]
[Round "7.11"]
[White "Quiring, Nikolai"]
[Black "Basener, Winfried"]
[Result "0-1"]
[WhiteElo "1849"]
[BlackElo "2001"]
[PlyCount "106"]
[EventDate "2023.??.??"]

1. d4 Nf6 2. c4 e6 3. Nc3 Bb4 4. Qc2 d5 5. a3 Bxc3+ 6. bxc3 O-O 7. e3 b6 8.
cxd5 exd5 9. Bd3 Nc6 10. Ne2 Na5 11. Ng3 c5 12. O-O c4 13. Be2 Nb3 14. Rb1 g6
15. f3 b5 16. e4 Nxc1 17. Qxc1 a6 18. e5 Ne8 19. f4 Ng7 20. Bf3 Nf5 21. Nh1 Nh4
22. Bd1 h5 23. g3 Nf5 24. Nf2 Nh6 25. h3 Kg7 26. Kg2 Rh8 27. Bf3 Nf5 28. h4 Be6
29. Nh3 Rb8 30. Nf2 a5 31. Re1 b4 32. axb4 axb4 33. Qd2 bxc3 34. Qxc3 Qc7 35.
Nd3 Rxb1 36. Rxb1 Rb8 37. Rxb8 Qxb8 38. Nc5 Qa7 39. Qb2 Qc7 40. Kf2 Qa7 41. Bd1
Qa5 42. g4 hxg4 43. Nxe6+ fxe6 44. Qb7+ Kh6 45. Qc8 Qd2+ 46. Be2 Qxf4+ 47. Ke1
Qc1+ 48. Kf2 g3+ 49. Kg2 Nxh4+ 50. Kxg3 Nf5+ 51. Kf2 Qe3+ 52. Ke1 Qg1+ 53. Kd2
Qxd4+ 0-1

[Event "35. Kieler Open 2023"]
[Site "Kiel"]
[Date "2023.08.02"]
[Round "7.12"]
[White "Dittmann, Hans-Adolf"]
[Black "Riechenberg, Maximilian"]
[Result "1/2-1/2"]
[WhiteElo "1989"]
[BlackElo "1742"]
[PlyCount "59"]
[EventDate "2023.??.??"]

1. e4 e5 2. Nf3 Nc6 3. Bb5 a6 4. Bxc6 dxc6 5. O-O f6 6. d4 exd4 7. Nxd4 c5 8.
Nb3 Qxd1 9. Rxd1 Bg4 10. f3 Be6 11. Bf4 c4 12. Na5 Bc5+ 13. Kf1 Bb6 14. b4 cxb3
15. axb3 Bxa5 16. Rxa5 Rd8 17. Ke2 Rxd1 18. Kxd1 Kd7 19. e5 fxe5 20. Bxe5 Ne7
21. Bxg7 Rg8 22. Rg5 Nf5 23. Bf6 Ne3+ 24. Kd2 Nxg2 25. Rxg8 Bxg8 26. Bg5 Ke6
27. Nc3 Kf5 28. h4 Nf4 29. Ke3 Nd5+ 30. Nxd5 1/2-1/2

[Event "35. Kieler Open 2023"]
[Site "Kiel"]
[Date "2023.08.02"]
[Round "7.13"]
[White "Olde, Henning"]
[Black "Braeutigam, Alexander"]
[Result "1/2-1/2"]
[WhiteElo "1792"]
[BlackElo "1943"]
[PlyCount "84"]
[EventDate "2023.??.??"]

1. f4 d5 2. Nf3 g6 3. e3 Bg7 4. d4 c5 5. c3 Qc7 6. Bd3 Nh6 7. O-O O-O 8. Nbd2
Bf5 9. Bxf5 Nxf5 10. Qe2 Nd7 11. Ng5 h6 12. Nh3 Nf6 13. Qf3 e6 14. Nf2 h5 15.
h3 Nh4 16. Qg3 Nf5 17. Qf3 h4 18. Re1 Nh5 19. Nf1 Rfd8 20. Nh1 Bf6 21. Re2 Kg7
22. Bd2 Qb6 23. Be1 cxd4 24. cxd4 Bxd4 25. exd4 Nxd4 26. Bc3 e5 27. Bxd4 Qxd4+
28. Nf2 Nxf4 29. Rd2 Qc5 30. Kh2 Qd6 31. Kh1 f5 32. Rad1 Rd7 33. Nd3 Nxd3 34.
Qxd3 d4 35. Nh2 Qf6 36. Qc4 Rad8 37. Nf3 a6 38. a4 Rd6 39. Qc5 Rd5 40. Qc4 R5d6
41. Qc5 Rd5 42. Qc4 R5d6 1/2-1/2

[Event "35. Kieler Open 2023"]
[Site "Kiel"]
[Date "2023.08.02"]
[Round "7.14"]
[White "Muslumzada, Roya"]
[Black "Topalov, Mihail"]
[Result "1/2-1/2"]
[WhiteElo "1508"]
[BlackElo "1936"]
[PlyCount "110"]
[EventDate "2023.??.??"]

1. e4 c5 2. Nf3 e6 3. d4 cxd4 4. Nxd4 a6 5. a3 Nf6 6. Nc3 Qc7 7. g3 d6 8. Bg2
Nbd7 9. O-O Rb8 10. Be3 b5 11. Nb3 Bb7 12. Qd2 Be7 13. f4 O-O 14. Bf2 Rfd8 15.
Rad1 Rbc8 16. Qd3 Nc5 17. Qe2 Nxb3 18. cxb3 Bc6 19. Rfe1 Qb7 20. Qe3 Ng4 21.
Qb6 Nxf2 22. Qxb7 Bxb7 23. Kxf2 Rd7 24. Bh3 g6 25. f5 Rdc7 26. fxe6 f6 27. Nd5
Bxd5 28. exd5 Rc2+ 29. Re2 f5 30. Rdd2 Rc1 31. Re1 R1c2 32. Rxc2 Rxc2+ 33. Re2
Rxe2+ 34. Kxe2 Bf6 35. Kd2 Bxb2 36. a4 Kf8 37. axb5 axb5 38. b4 Bd4 39. Bf1 Bg1
40. h3 Bf2 41. g4 fxg4 42. hxg4 h5 43. gxh5 gxh5 44. Bxb5 h4 45. Bf1 Ke8 46.
Kd3 Be1 47. b5 Ba5 48. Ke4 Bd8 49. Kf5 Bb6 50. Kf6 Bf2 51. Bh3 Bd4+ 52. Kg5 Bf2
53. Bf5 Ke7 54. b6 Bxb6 55. Kxh4 Bf2+ 1/2-1/2

[Event "35. Kieler Open 2023"]
[Site "Kiel"]
[Date "2023.08.02"]
[Round "7.15"]
[White "Riechenberg, Sebastian"]
[Black "Hubert, Charlotte"]
[Result "1/2-1/2"]
[WhiteElo "1661"]
[BlackElo "1897"]
[PlyCount "157"]
[EventDate "2023.??.??"]

1. d4 Nf6 2. Bg5 d5 3. Bxf6 exf6 4. e3 Bd6 5. c4 dxc4 6. Bxc4 O-O 7. Nc3 a6 8.
Nf3 b5 9. Bd3 Bb7 10. O-O Re8 11. Qc2 g6 12. Ne4 Bf8 13. Rac1 Nd7 14. Ned2 c5
15. Be4 Bxe4 16. Nxe4 cxd4 17. Nxd4 Rc8 18. Nc6 Qb6 19. Rfd1 Kg7 20. Rxd7 Re6
21. Qd3 Rcxc6 22. Rd1 Rc4 23. Nc3 Qc6 24. Qd5 b4 25. Ne2 Qxd5 26. R7xd5 Bc5 27.
b3 Rc2 28. R5d2 Rxd2 29. Rxd2 Rxe3 30. Kf1 Re5 31. Nf4 Rf5 32. Nd3 Rd5 33. Ke2
Bd6 34. Rc2 a5 35. Ke3 f5 36. Nf4 Bxf4+ 37. Kxf4 Kf6 38. Rc6+ Ke7 39. Ke3 f4+
40. Ke2 Re5+ 41. Kf3 g5 42. Ra6 Kf8 43. g3 fxg3 44. fxg3 Kg7 45. h4 gxh4 46.
gxh4 f6 47. Kf4 Kg6 48. Kg4 h5+ 49. Kf4 Rf5+ 50. Kg3 Kf7 51. Rb6 Ke7 52. Ra6
Kf7 53. Rb6 Kg7 54. Ra6 Kg6 55. Ra7 Rd5 56. Kf4 Rd4+ 57. Kg3 Rd3+ 58. Kf4 Rh3
59. Rxa5 Rxh4+ 60. Kg3 Rg4+ 61. Kf3 f5 62. Ra8 Kf7 63. Ra5 Kf6 64. Ra8 h4 65.
Rh8 Re4 66. Rh5 Ke5 67. Rg5 Rf4+ 68. Ke3 Rg4 69. Rh5 Rg3+ 70. Kf2 Rg4 71. Ke3
Re4+ 72. Kf3 Rd4 73. Ke3 Rg4 74. Kf3 Re4 75. Rg5 Re1 76. Rh5 Rh1 77. Kg2 Ra1
78. Rxh4 Rxa2+ 79. Kf3 1/2-1/2

[Event "35. Kieler Open 2023"]
[Site "Kiel"]
[Date "2023.08.02"]
[Round "7.16"]
[White "Dittmar, Markus"]
[Black "Horn, Peter"]
[Result "1/2-1/2"]
[WhiteElo "1778"]
[BlackElo "2085"]
[PlyCount "92"]
[EventDate "2023.??.??"]

1. Nf3 d5 2. g3 Nf6 3. Bg2 e6 4. O-O Be7 5. d3 c5 6. Nbd2 Nc6 7. c4 O-O 8. cxd5
Nxd5 9. Ne4 b6 10. Bg5 f6 11. Bd2 e5 12. Rc1 Be6 13. b3 Rc8 14. Bc3 Qd7 15. Ba1
Rfd8 16. Qd2 Bf8 17. Rfd1 Nc7 18. Nc3 Bg4 19. Qe1 Nd4 20. Nd2 h5 21. f3 Bf5 22.
Nde4 Be7 23. Nf2 Nce6 24. Nce4 g5 25. h3 Kg7 26. g4 Bg6 27. Ng3 h4 28. Nge4 Nf4
29. Bf1 Nd5 30. Rd2 Bf7 31. Nd1 a5 32. Ndc3 Nb4 33. Kf2 Qa7 34. e3 Ndc6 35. Nb5
Qd7 36. d4 cxd4 37. exd4 Nxd4 38. Rxc8 Qxc8 39. Nxd4 exd4 40. Bxd4 Nc2 41. Qc1
Nxd4 42. Qxc8 Rxc8 43. Rxd4 Rc2+ 44. Rd2 Bc5+ 45. Ke2 Rxd2+ 46. Kxd2 Bb4+
1/2-1/2

[Event "35. Kieler Open 2023"]
[Site "Kiel"]
[Date "2023.08.02"]
[Round "7.17"]
[White "Forster, Lukas"]
[Black "Plichta, Hans-Reiner"]
[Result "1-0"]
[WhiteElo "2053"]
[BlackElo "1773"]
[PlyCount "37"]
[EventDate "2023.??.??"]

1. e4 c5 2. Nf3 d6 3. d4 cxd4 4. Nxd4 Nf6 5. Nc3 a6 6. Bg5 e6 7. f4 Be7 8. Qf3
Qc7 9. O-O-O Bd7 10. g4 Nc6 11. Kb1 Rc8 12. Bg2 b5 13. Bxf6 Bxf6 14. Ndxb5 axb5
15. Nxb5 Qb8 16. Nxd6+ Kf8 17. e5 Be7 18. Nxc8 Qxc8 19. Rxd7 1-0

[Event "35. Kieler Open 2023"]
[Site "Kiel"]
[Date "2023.08.02"]
[Round "7.18"]
[White "Kieselbach, Jannik"]
[Black "Kelm, Daniel"]
[Result "1-0"]
[WhiteElo "1757"]
[BlackElo "1880"]
[PlyCount "51"]
[EventDate "2023.??.??"]

1. e4 d6 2. d4 Nf6 3. Nc3 e5 4. dxe5 dxe5 5. Qxd8+ Kxd8 6. Bc4 Ke8 7. f3 c6 8.
a3 b5 9. Ba2 a5 10. Nge2 Bc5 11. b4 Bd6 12. bxa5 Rxa5 13. a4 b4 14. Nd1 Ke7 15.
Nb2 Be6 16. Bd2 c5 17. Bxe6 Kxe6 18. Nc4 Ra6 19. c3 Nc6 20. cxb4 cxb4 21. Be3
Rha8 22. Rc1 Nd7 23. O-O Na5 24. Rfd1 Nxc4 25. Rxc4 Rxa4 26. Rc6 1-0

[Event "35. Kieler Open 2023"]
[Site "Kiel"]
[Date "2023.08.02"]
[Round "7.19"]
[White "Rohmann, Volker"]
[Black "Pirtac, Alexandru"]
[Result "0-1"]
[WhiteElo "1745"]
[BlackElo "1848"]
[PlyCount "92"]
[EventDate "2023.??.??"]

1. d4 Nf6 2. Nf3 c5 3. c3 e6 4. Bf4 Nc6 5. e3 Qb6 6. Qb3 Qxb3 7. axb3 d5 8. h3
Be7 9. Bd3 O-O 10. Nbd2 a6 11. O-O Bd7 12. Rfe1 cxd4 13. exd4 h6 14. g4 Nh7 15.
Kg2 g5 16. Bg3 Rae8 17. b4 f5 18. gxf5 exf5 19. Be5 Nf6 20. Bxf6 Rxf6 21. Ne5
Nxe5 22. Rxe5 Bd6 23. Rxe8+ Bxe8 24. Re1 Bc6 25. Nb3 f4 26. f3 Bd7 27. Nc5 Bc6
28. Re6 Rxe6 29. Nxe6 Bd7 30. Nc5 Bxc5 31. bxc5 Kf7 32. Bc2 Be6 33. Bb3 Kg6 34.
Ba2 Kh5 35. Bb3 Kh4 36. Kh2 h5 37. Ba2 a5 38. b4 a4 39. b5 a3 40. c6 bxc6 41.
bxc6 Bxh3 42. Bxd5 g4 43. c7 gxf3 44. Bc4 f2 45. c8=Q Bxc8 46. Kg2 Ba6 0-1

[Event "35. Kieler Open 2023"]
[Site "Kiel"]
[Date "2023.08.02"]
[Round "7.20"]
[White "Serreck, Uwe"]
[Black "Dorendorf, Mika"]
[Result "1/2-1/2"]
[WhiteElo "1845"]
[BlackElo "1689"]
[PlyCount "60"]
[EventDate "2023.??.??"]

1. e4 c5 2. b3 Nc6 3. Bb2 d6 4. Bb5 e5 5. Bxc6+ bxc6 6. Ne2 g6 7. O-O Bg7 8. d3
Nf6 9. Nd2 O-O 10. h3 Re8 11. f4 exf4 12. Nxf4 Nxe4 13. Bxg7 Nxd2 14. Qxd2 Kxg7
15. Qc3+ Kg8 16. d4 Ba6 17. Rf2 Qb6 18. dxc5 Qxc5 19. Qxc5 dxc5 20. c4 Rad8 21.
Kf1 Bc8 22. Re1 Rxe1+ 23. Kxe1 Bf5 24. g4 Be4 25. Re2 Rd4 26. Re3 Bb1 27. Ne2
Rd3 28. Rxd3 Bxd3 29. Nc3 g5 30. Kf2 Kf8 1/2-1/2

[Event "35. Kieler Open 2023"]
[Site "Kiel"]
[Date "2023.08.02"]
[Round "7.21"]
[White "Kort, Felix"]
[Black "Henke, Jaron"]
[Result "1-0"]
[WhiteElo "1837"]
[BlackElo "1676"]
[PlyCount "91"]
[EventDate "2023.??.??"]

1. d4 Nf6 2. c4 e6 3. Nc3 Bb4 4. Qc2 c5 5. dxc5 Bxc5 6. a3 a5 7. Nf3 h6 8. Bf4
d6 9. e3 Bd7 10. Be2 O-O 11. h3 Bc6 12. g4 Nh7 13. h4 e5 14. Bg3 Nd7 15. g5 h5
16. Rg1 g6 17. Nd2 Re8 18. Nde4 Qe7 19. Bh2 Kh8 20. Rd1 Rac8 21. Qd2 Bxe4 22.
Nxe4 Rc6 23. b4 axb4 24. axb4 Bb6 25. Nxd6 Rf8 26. c5 Nxc5 27. bxc5 Bxc5 28.
Ne4 Bb4 29. Bxe5+ Kg8 30. Bc3 Rxc3 31. Nxc3 Rc8 32. Kf1 Bxc3 33. Qd7 Qc5 34.
Qb5 Qe7 35. Rd7 Qe6 36. Rg3 Nf8 37. Rxb7 Qe4 38. Bf3 Qxh4 39. Qd5 Ne6 40. Kg2
Rc5 41. Qd7 Rf5 42. Qc8+ Nf8 43. Qxc3 Rxg5 44. Qd4 Rxg3+ 45. fxg3 Qg5 46. Qf4
1-0

[Event "35. Kieler Open 2023"]
[Site "Kiel"]
[Date "2023.08.02"]
[Round "7.22"]
[White "Aguike, Toshiya"]
[Black "Stegert, Jonas"]
[Result "1-0"]
[WhiteElo "1476"]
[BlackElo "1832"]
[PlyCount "79"]
[EventDate "2023.??.??"]

1. e4 c6 2. d4 d5 3. exd5 cxd5 4. Nf3 Nf6 5. c4 Nc6 6. Nc3 e6 7. c5 a6 8. Bd3
g6 9. a3 Bg7 10. Bc2 O-O 11. O-O a5 12. Bg5 b6 13. Ne5 Qe8 14. Nb5 Nxe5 15. Nc7
Qc6 16. Nxa8 bxc5 17. dxe5 Nd7 18. Ba4 Qxa8 19. Bxd7 Bxd7 20. Bf6 Qb8 21. b3 a4
22. Rb1 Bxf6 23. exf6 Qe5 24. Qf3 Bb5 25. Rfe1 Qf5 26. Qxf5 gxf5 27. f4 h6 28.
Re3 c4 29. bxc4 Bxc4 30. Rb4 Bb3 31. Rg3+ Kh8 32. Rg7 Bd1 33. Kf2 Bh5 34. Rxa4
Bg6 35. Rb4 Rc8 36. a4 Rc2+ 37. Ke3 Rc8 38. a5 Ra8 39. a6 Rxa6 40. Rb8# 1-0

[Event "35. Kieler Open 2023"]
[Site "Kiel"]
[Date "2023.08.02"]
[Round "7.23"]
[White "Guyer, Marlon"]
[Black "Thomsen, Flemming"]
[Result "1-0"]
[WhiteElo "1806"]
[BlackElo "1491"]
[PlyCount "123"]
[EventDate "2023.??.??"]

1. e4 e5 2. Nf3 Nf6 3. Nxe5 d6 4. Nd3 Nxe4 5. Qe2 Qe7 6. Nf4 Nf6 7. d4 d5 8.
Be3 c6 9. Nc3 Bf5 10. f3 Bxc2 11. Rc1 Bg6 12. h4 h6 13. Nxg6 fxg6 14. Kd2 Nbd7
15. Kc2 O-O-O 16. Kb1 Re8 17. Re1 Nb6 18. Qc2 Nc4 19. Bxc4 dxc4 20. Qxg6 Qd7
21. Bf2 Bb4 22. Qc2 Nd5 23. Bg3 Ne3 24. Qd2 Qf5+ 25. Kc1 Nd5 26. Qc2 Qxc2+ 27.
Kxc2 Ne3+ 28. Kd2 Nf5 29. Be5 Rd8 30. a3 Ba5 31. Re4 c5 32. d5 Rxd5+ 33. Kc1
Bxc3 34. bxc3 Rhd8 35. Re2 Re8 36. Rhe1 Red8 37. h5 Nd6 38. Bxg7 Rxh5 39. Re5
Rxe5 40. Rxe5 Nf7 41. Rxc5+ Kd7 42. Rxc4 Rg8 43. Rg4 h5 44. Rg3 Nd6 45. Be5 Re8
46. Bxd6 Kxd6 47. Kc2 Rh8 48. Kd3 h4 49. Rg6+ Kd7 50. Rg7+ Kc6 51. Kc4 b5+ 52.
Kb4 h3 53. Rg6+ Kb7 54. gxh3 Rxh3 55. Rf6 a6 56. f4 Re3 57. Rd6 a5+ 58. Kxa5
Rxc3 59. Kxb5 Rxa3 60. Kc5 Ra5+ 61. Kd4 Ra4+ 62. Ke5 1-0

[Event "35. Kieler Open 2023"]
[Site "Kiel"]
[Date "2023.08.02"]
[Round "7.24"]
[White "Ufen, Soenke"]
[Black "Bendixen, Matthes"]
[Result "1/2-1/2"]
[WhiteElo "1900"]
[BlackElo "1798"]
[PlyCount "116"]
[EventDate "2023.??.??"]

1. c4 e6 2. Nf3 d5 3. e3 Nf6 4. Nc3 Be7 5. d4 c6 6. Bd3 O-O 7. O-O dxc4 8. Bxc4
b5 9. Bd3 Bb7 10. Qe2 a6 11. Rd1 Qc7 12. e4 Nfd7 13. Be3 c5 14. Rac1 Qa5 15. a3
cxd4 16. Nxd4 Qd8 17. Bb1 Qe8 18. f4 Bc5 19. e5 Nc6 20. Nxc6 Bxe3+ 21. Qxe3
Bxc6 22. Ne4 Bd5 23. Qd3 Qd8 24. Nc3 Qb6+ 25. Kh1 g6 26. Nxd5 exd5 27. Qxd5
Rad8 28. Rc6 Nf6 29. Rxb6 Nxd5 30. Rxa6 Nxf4 31. Rad6 Rb8 32. g3 Ne6 33. Ba2
Nc5 34. Rf1 b4 35. axb4 Rxb4 36. Rd2 Re4 37. Rdf2 Rxe5 38. Rxf7 Rxf7 39. Rxf7
Kh8 40. Bc4 Re4 41. b3 Re3 42. b4 Ne4 43. Bf1 Rb3 44. b5 Nd6 45. Rf8+ Kg7 46.
Rb8 Rb2 47. Kg1 Nf5 48. Rb7+ Kh6 49. Rd7 Ne3 50. Bd3 Rg2+ 51. Kh1 Rd2 52. h4
Rd1+ 53. Kh2 Ng4+ 54. Kg2 Ne5 55. Re7 Nxd3 56. g4 g5 57. hxg5+ Kg6 58. Re3 Rb1
1/2-1/2

[Event "35. Kieler Open 2023"]
[Site "Kiel"]
[Date "2023.08.02"]
[Round "7.25"]
[White "Harutyunyan, Hovhannes"]
[Black "Wirries, Frank-Michael"]
[Result "1-0"]
[WhiteElo "1637"]
[BlackElo "1788"]
[PlyCount "51"]
[EventDate "2023.??.??"]

1. d4 Nf6 2. Nf3 g6 3. c4 Bg7 4. Nc3 O-O 5. Bg5 d6 6. Qb3 a5 7. Rd1 c6 8. e4
Qe8 9. Bd3 Nbd7 10. O-O e5 11. Qa3 exd4 12. Nxd4 Nc5 13. Rfe1 Ne6 14. Nxe6 Qxe6
15. Bf1 Ne8 16. Na4 b5 17. cxb5 cxb5 18. Bxb5 Qe5 19. Rd5 Qe6 20. Bc4 Bb7 21.
Rb5 Qxc4 22. Rxb7 Bd4 23. Be7 Qc2 24. Qf3 Rc8 25. Bxf8 Nf6 26. Bxd6 1-0

[Event "35. Kieler Open 2023"]
[Site "Kiel"]
[Date "2023.08.02"]
[Round "7.27"]
[White "Dawidzinski, Jan"]
[Black "Hebbinghaus, Holger"]
[Result "0-1"]
[WhiteElo "1627"]
[BlackElo "2223"]
[PlyCount "58"]
[EventDate "2023.??.??"]

1. d4 d5 2. c4 e6 3. Nc3 Nf6 4. Bg5 Be7 5. Nf3 h6 6. Bh4 O-O 7. e3 b6 8. cxd5
Nxd5 9. Bxe7 Qxe7 10. Nxd5 exd5 11. Bd3 Be6 12. O-O c5 13. dxc5 bxc5 14. b3 Nd7
15. Rc1 a5 16. Qc2 a4 17. Bb5 axb3 18. axb3 Qf6 19. Bd3 Rfb8 20. Nd2 Ra3 21.
Rb1 Ne5 22. Be2 Ra5 23. Ra1 Rxa1 24. Rxa1 Nf3+ 25. Bxf3 Qxa1+ 26. Nf1 c4 27.
bxc4 dxc4 28. g3 c3 29. Kg2 Bb3 0-1

[Event "35. Kieler Open 2023"]
[Site "Kiel"]
[Date "2023.08.02"]
[Round "7.28"]
[White "Hufendiek, Ekkehard"]
[Black "Grebita, Magnus"]
[Result "1-0"]
[WhiteElo "1912"]
[BlackElo "1574"]
[PlyCount "45"]
[EventDate "2023.??.??"]

1. e4 e5 2. d4 exd4 3. c3 Qe7 4. cxd4 Qxe4+ 5. Be2 Bb4+ 6. Nc3 Bxc3+ 7. bxc3
Qc6 8. Nf3 Qxc3+ 9. Bd2 Qc6 10. O-O d5 11. Re1 Ne7 12. Bb4 Be6 13. Ne5 Qb6 14.
Rb1 c5 15. Qa4+ Nbc6 16. Bxc5 Qc7 17. Bxe7 Kxe7 18. Qa3+ Kd8 19. Rec1 f6 20.
Rxb7 Qxb7 21. Qd6+ Bd7 22. Nxc6+ Kc8 23. Na5+ 1-0

[Event "35. Kieler Open 2023"]
[Site "Kiel"]
[Date "2023.08.02"]
[Round "7.29"]
[White "Cordts, Elof"]
[Black "Zimmermann, Manfred"]
[Result "0-1"]
[WhiteElo "1631"]
[BlackElo "1888"]
[PlyCount "100"]
[EventDate "2023.??.??"]

1. e4 e6 2. d4 d5 3. Nc3 Nf6 4. Bg5 Be7 5. Nf3 Nxe4 6. Bxe7 Qxe7 7. Bd3 f5 8.
O-O O-O 9. Ne5 a6 10. Ne2 Bd7 11. f3 Nd6 12. b3 Nf7 13. Nxd7 Nxd7 14. c4 c6 15.
Re1 Qf6 16. Bc2 Rfe8 17. Qd3 g6 18. Rad1 b5 19. a4 b4 20. a5 Qd8 21. Ra1 Qc7
22. c5 e5 23. Qd2 Qb7 24. Kh1 Qb8 25. Ra4 Qc7 26. Qxb4 Rab8 27. Qd2 e4 28. Raa1
e3 29. Qd3 f4 30. Nc3 Ng5 31. Na4 Rbd8 32. Nb6 Nb8 33. Qe2 Ne6 34. Qd3 Qg7 35.
Rad1 Nc7 36. Re2 Re7 37. Rg1 Nb5 38. b4 Qxd4 39. g3 Qxd3 40. Bxd3 Nd4 41. gxf4
Nxe2 42. Bxe2 Rf7 43. Rd1 Rxf4 44. Rd3 d4 45. Nc4 Nd7 46. Kg2 Rb8 47. Rb3 Nxc5
48. Nb6 Nxb3 49. Bc4+ Kg7 50. Bxb3 d3 0-1

[Event "35. Kieler Open 2023"]
[Site "Kiel"]
[Date "2023.08.02"]
[Round "7.30"]
[White "Toumi, Faruk"]
[Black "Gombert, Reiner"]
[Result "1/2-1/2"]
[WhiteElo "1509"]
[BlackElo "1865"]
[PlyCount "48"]
[EventDate "2023.??.??"]

1. e4 c5 2. Nf3 Nc6 3. d4 cxd4 4. Nxd4 Nf6 5. Nc3 d6 6. Bg5 e6 7. Qd2 Be7 8.
O-O-O Nxd4 9. Qxd4 O-O 10. Bxf6 Bxf6 11. Qxd6 Qxd6 12. Rxd6 Bxc3 13. bxc3 a6
14. c4 Re8 15. Be2 e5 16. Rhd1 Be6 17. Rb6 Re7 18. Kb2 Rc8 19. Ka3 f6 20. Rdb1
Bxc4 21. Bxc4+ Rxc4 22. Rxb7 Rxb7 23. Rxb7 Rxc2 24. Rb2 Rc4 1/2-1/2

[Event "35. Kieler Open 2023"]
[Site "Kiel"]
[Date "2023.08.03"]
[Round "8.1"]
[White "Browning, Alex"]
[Black "Saglam, Buelent"]
[Result "1-0"]
[WhiteElo "2341"]
[BlackElo "2109"]
[PlyCount "103"]
[EventDate "2023.??.??"]

1. Nf3 Nf6 2. c4 c5 3. b3 Nc6 4. Bb2 d5 5. cxd5 Nxd5 6. g3 f6 7. Bg2 e5 8. d3
Be6 9. O-O Qd7 10. Nbd2 g5 11. e3 O-O-O 12. a3 g4 13. Ne1 h5 14. e4 Nc7 15. b4
h4 16. Rc1 Qh7 17. h3 gxh3 18. Bf3 hxg3 19. fxg3 cxb4 20. axb4 Bxb4 21. Rf2 Qg8
22. Kh2 Qg5 23. Nf1 Bxe1 24. Qxe1 Rxd3 25. Be2 Rb3 26. Bc3 Rg8 27. Ra1 Qg6 28.
Bd1 Rb6 29. Qe3 Bc4 30. Nd2 Ba6 31. Bb3 Rd8 32. Bc2 Nd4 33. Bd1 Rbd6 34. Bb4
Rc6 35. Ba4 Nc2 36. Bxc2 Rxc2 37. Ra3 Rd4 38. Be7 Qg5 39. Qxg5 fxg5 40. Bxg5
Ne6 41. Be3 Rd3 42. Rxd3 Bxd3 43. Bxa7 b5 44. Kxh3 b4 45. Kg4 Rc7 46. Be3 Rg7+
47. Kf5 Rxg3 48. Kxe6 Rxe3 49. Kxe5 Be2 50. Kf4 Rc3 51. Rxe2 b3 52. Re3 1-0

[Event "35. Kieler Open 2023"]
[Site "Kiel"]
[Date "2023.08.03"]
[Round "8.2"]
[White "Bach, Matthias"]
[Black "Popvasilev, Kaloyan"]
[Result "1/2-1/2"]
[WhiteElo "2215"]
[BlackElo "2203"]
[PlyCount "74"]
[EventDate "2023.??.??"]

1. c4 g6 2. d4 Bg7 3. Nc3 d6 4. e4 Nf6 5. f4 O-O 6. Nf3 c5 7. d5 e6 8. Be2 exd5
9. cxd5 b5 10. e5 dxe5 11. fxe5 Ng4 12. Bg5 Qb6 13. O-O Nd7 14. e6 fxe6 15.
dxe6 Qxe6 16. Nxb5 Ba6 17. Qb3 Qxb3 18. axb3 Bxb5 19. Bxb5 Nde5 20. h3 Nxf3+
21. gxf3 Bd4+ 22. Kg2 Ne3+ 23. Bxe3 Bxe3 24. Rfe1 Bd4 25. Re7 Rf5 26. Bc6 Rd8
27. Raxa7 Rg5+ 28. Kh1 Bf6 29. Re8+ Rxe8 30. Bxe8 Rg3 31. Bd7 Rxf3 32. Be6+ Kh8
33. Rf7 Rf4 34. Kg2 Be5 35. Rxf4 Bxf4 36. Bc4 Kg7 37. Bd5 Be5 1/2-1/2

[Event "35. Kieler Open 2023"]
[Site "Kiel"]
[Date "2023.08.03"]
[Round "8.4"]
[White "Schinkowski, Christoph"]
[Black "Basey, Matthew"]
[Result "1-0"]
[WhiteElo "2145"]
[BlackElo "2002"]
[PlyCount "61"]
[EventDate "2023.??.??"]

1. Nf3 Nf6 2. g3 e6 3. Bg2 d5 4. O-O Be7 5. d4 b5 6. a4 b4 7. c4 bxc3 8. Nxc3
Nbd7 9. Bf4 Nh5 10. Bd2 Ba6 11. Re1 Rb8 12. e4 dxe4 13. Nxe4 Nhf6 14. Nxf6+
Bxf6 15. Ne5 Bxe5 16. dxe5 O-O 17. Qc2 Nb6 18. Bb4 Re8 19. Rad1 Nd5 20. Bc5 Rb7
21. b4 c6 22. Bd6 Qb6 23. Rc1 Qd8 24. Bxd5 exd5 25. Qxc6 Rb6 26. Qc5 Qd7 27. a5
Rb5 28. Qc6 Qxc6 29. Rxc6 Bb7 30. Rc7 a6 31. f4 1-0

[Event "35. Kieler Open 2023"]
[Site "Kiel"]
[Date "2023.08.03"]
[Round "8.5"]
[White "Blietschau, Volker"]
[Black "Fenner, Martin"]
[Result "0-1"]
[WhiteElo "2007"]
[BlackElo "1888"]
[PlyCount "70"]
[EventDate "2023.??.??"]

1. e4 c5 2. Nc3 e6 3. g3 d5 4. Bg2 Nf6 5. d3 Nc6 6. Bg5 Be7 7. f4 d4 8. Bxf6
Bxf6 9. Nce2 e5 10. Nf3 exf4 11. gxf4 Qa5+ 12. Nd2 Bh4+ 13. Ng3 Qc7 14. O-O g5
15. Nh5 g4 16. Ng7+ Kf8 17. Nf5 Bxf5 18. exf5 Rg8 19. Ne4 Ne7 20. f6 Nf5 21.
Qd2 Ne3 22. c3 Nxf1 23. Rxf1 dxc3 24. Qxc3 Rc8 25. b4 c4 26. b5 Rg6 27. f5 Rh6
28. Qd2 Rh5 29. Rf4 cxd3 30. Qb4+ Kg8 31. Rxg4+ Kh8 32. Nd6 Qb6+ 33. Rd4 Rc1+
34. Bf1 Rg5+ 35. Kh1 Rxf1# 0-1